Central Library OPAC University of Rajshahi

Metal transfer and build-up in friction and cutting / (Record no. 13218)

MARC details
000 -LEADER
fixed length control field 00976nam a22002771 4500
001 - CONTROL NUMBER
control field 13218
003 - CONTROL NUMBER IDENTIFIER
rucl marc code BD-RjUL
005 - DATE AND TIME OF LATEST TRANSACTION
control field 20211208235424.0
008 - FIXED-LENGTH DATA ELEMENTS--GENERAL INFORMATION
fixed length control field 140130s1966 enka b 001 0 eng d
035 ## - SYSTEM CONTROL NUMBER
System control number (BD-RjUL) 13269
040 ## - CATALOGING SOURCE
Original cataloging agency DLC/ICU
Transcribing agency ICU
Modifying agency DLC
-- (BD-RjUL)
Language of cataloging eng
041 1# - LANGUAGE CODE
Language code of text/sound track or separate title engrus
082 00 - DEWEY DECIMAL CLASSIFICATION NUMBER
Classification number 621.93
Author mark and year KUM 1966
100 1# - MAIN ENTRY--PERSONAL NAME
Personal name Kuznet︠s︡ov, V. D.
Fuller form of name (Vladimir Dmitrievich),
Dates associated with a name 1887-1963.
9 (RLIN) 41149
245 10 - TITLE STATEMENT
Title Metal transfer and build-up in friction and cutting /
Statement of responsibility, etc. by V.D. Kuznetsov. Translated from the Russian. Edited by E.H. Freitag.
260 ## - PUBLICATION, DISTRIBUTION, ETC. (IMPRINT)
Place of publication, distribution, etc. Oxford ;
-- New York :
Name of publisher, distributor, etc. Pergamon Press ,
Date of publication, distribution, etc. c1966
300 ## - PHYSICAL DESCRIPTION
Pagination x, 360 p. :
Illustrations illus. ;
Size 23 cm.
500 ## - GENERAL NOTE
General note Translation of [Narosty pri rezanii i trenii]
504 ## - BIBLIOGRAPHY, ETC. NOTE
Bibliography, etc Includes References [P 353-358] and Index.
650 #0 - SUBJECT ADDED ENTRY--TOPICAL TERM
Topical term or geographic name as entry element Metal-cutting.
9 (RLIN) 41150
700 1# - ADDED ENTRY--PERSONAL NAME
Personal name Freitag,E.H
942 ## - ADDED ENTRY ELEMENTS (KOHA)
Source of classification or shelving scheme Dewey Decimal Classification
Koha item type Books
Holdings
Lost status Source of classification or shelving scheme Damaged status Not for loan Collection code Permanent Location Current Location Shelving location Date acquired Source of acquisition Cost, normal purchase price Total Checkouts Full call number Date last seen Copy number Koha item type
  Dewey Decimal Classification   Not For Loan Non-fiction Central Library, University of Rajshahi Central Library, University of Rajshahi Reading Room 17/01/1989 Book Centre Dhaka 91.50   621.93 KUM 1966 30/01/2014 C-1 Books